[Event "DEM U12 2011"]
[Site "Oberhof GER"]
[Date "2011.06.15"]
[Round "7"]
[White "Reimers, Juri"]
[Black "Niediek, Cedric"]
[Result "1-0"]
[Termination "normal"]
[Board "17"]
[WhiteElo "1675"]
[BlackElo "1641"]
[PlyCount "85"]
[WhiteFideId "24661511"]
[EventCountry "GER"]
[EventRounds "11"]
[EventType "swiss"]
[EventDate "2011.06.11"]

1. c4 e5 2. g3 Nf6 3. Bg2 Bc5 4. Nc3 O-O 5. d3 d6 6. e3 Nc6 7. Nge2 Re8 8. O-O
h6 9. a3 a5 10. b3 Nh7 11. Nd5 Be6 12. Rb1 Bxd5 13. cxd5 Ne7 14. d4 exd4 15.
Nxd4 Bxd4 16. Qxd4 Qd7 17. Bb2 Nf6 18. e4 Ng6 19. Rbc1 Ra6 20. f4 Kh7 21. Rfe1
Rg8 22. Re2 Qg4 23. Rec2 Ne8 24. e5 h5 25. Re1 f6 26. exf6 gxf6 27. Rxc7+ Nxc7
28. Qxf6 Qd7 29. f5 Ne5 30. Bc1 Qg7 31. Qh4 Qf7 32. Be4 Rg4 33. Qd8 Qe8 34.
Qxc7+ Kg8 35. Qxb7 Nf3+ 36. Kf2 Nxe1 37. f6 Qf7 38. Qc8+ Qf8 39. Qe6+ Qf7 40.
Bh7+ Kf8 41. Bh6+ Rg7 42. Bxg7+ Qxg7 43. fxg7+ 1-0

[Event "DEM U12 2011"]
[Site "Oberhof GER"]
[Date "2011.06.15"]
[Round "7"]
[White "Spitzl, Vinzent"]
[Black "Urban, Konstantin"]
[Result "0-1"]
[Termination "normal"]
[Board "18"]
[WhiteElo "1701"]
[BlackElo "1648"]
[PlyCount "78"]
[WhiteFideId "12901253"]
[BlackFideId "12927511"]
[EventCountry "GER"]
[EventRounds "11"]
[EventType "swiss"]
[EventDate "2011.06.11"]

1. e4 c5 2. Nf3 e6 3. d4 cxd4 4. Nxd4 a6 5. Nc3 Qc7 6. Bd3 Nf6 7. O-O Be7 8.
Kh1 O-O 9. f4 d6 10. Bd2 b6 11. Qf3 Bb7 12. Qg3 Nbd7 13. Rae1 Rfc8 14. e5 Ne8
15. Qh3 Nf8 16. f5 dxe5 17. fxe6 f6 18. Nf5 Nd6 19. Nxd6 Qxd6 20. Bc1 Rc7 21.
Rd1 Qxe6 22. Bf5 Qf7 23. Be3 Bc5 24. Bxc5 bxc5 25. Rd2 g6 26. Be4 Bxe4 27. Nxe4
f5 28. Nc3 Rd7 29. Rdf2 Qc4 30. Qg3 f4 31. Qf3 Rad8 32. Ne4 Kg7 33. b3 Qb5 34.
g3 Ne6 35. Qc3 Rd4 36. Nd2 Qc6+ 37. Kg1 Ng5 38. gxf4 Kg8 39. Nc4 Rd3 0-1

[Event "DEM U12 2011"]
[Site "Oberhof GER"]
[Date "2011.06.15"]
[Round "7"]
[White "Angrick, Philipp"]
[Black "Balazs, Balint"]
[Result "1-0"]
[Termination "normal"]
[Board "19"]
[WhiteElo "1834"]
[BlackElo "1587"]
[PlyCount "120"]
[WhiteFideId "12912298"]
[BlackFideId "12922757"]
[EventCountry "GER"]
[EventRounds "11"]
[EventType "swiss"]
[EventDate "2011.06.11"]

1. e4 e6 2. d4 d5 3. Nc3 Bb4 4. e5 c5 5. dxc5 Qc7 6. Nf3 Nd7 7. Qd4 Bxc5 8. Qg4
Kf8 9. Bf4 Ne7 10. Bd3 Ng6 11. Bxg6 hxg6 12. O-O a6 13. Bg3 b5 14. Ne2 Bb7 15.
Nf4 Qb6 16. Ng5 Re8 17. Nxg6+ fxg6 18. Qf4+ Ke7 19. Bh4 Rxh4 20. Qxh4 Qc7 21.
b4 Bb6 22. Ne4+ Kf8 23. Qh8+ Ke7 24. Qxg7+ Kd8 25. Nd6 Rf8 26. Qxg6 Nxe5 27.
Nxb7+ Qxb7 28. Qg5+ Kd7 29. Qxe5 Rg8 30. Qf6 Qa8 31. Qf7+ Kd6 32. Rfe1 Qc8 33.
Rad1 Bxf2+ 34. Qxf2 Rf8 35. Qc5+ Qxc5+ 36. bxc5+ Kxc5 37. Rxe6 a5 38. Re5 Rd8
39. h4 Kc4 40. h5 Kc3 41. Rdxd5 Rh8 42. Rxb5 Kxc2 43. Rxa5 Kc3 44. a4 Kb4 45.
Ra7 Rh6 46. Rb5+ Kc4 47. Rc7+ Kd4 48. a5 Re6 49. Kf2 Rh6 50. g4 Ke4 51. Rb6 Rh8
52. a6 Rd8 53. a7 Rd2+ 54. Ke1 Ra2 55. Re7+ Kd5 56. Rb8 Kd6 57. a8=Q Rxa8 58.
Rxa8 Kxe7 59. Ra6 Kf7 60. g5 Kg7 1-0

[Event "DEM U12 2011"]
[Site "Oberhof GER"]
[Date "2011.06.15"]
[Round "7"]
[White "Rempe, Moritz"]
[Black "Schulte, Felix"]
[Result "1-0"]
[Termination "normal"]
[Board "20"]
[WhiteElo "1784"]
[BlackElo "1573"]
[PlyCount "45"]
[WhiteFideId "12906867"]
[BlackFideId "12914800"]
[EventCountry "GER"]
[EventRounds "11"]
[EventType "swiss"]
[EventDate "2011.06.11"]

1. e4 c5 2. Nf3 d6 3. d4 cxd4 4. Nxd4 Nf6 5. Nc3 a6 6. f3 e6 7. Be3 Be7 8. Qd2
O-O 9. O-O-O b5 10. g4 Nbd7 11. Nc6 Qe8 12. Nxe7+ Qxe7 13. Qxd6 Qxd6 14. Rxd6
Ne5 15. Be2 Bb7 16. g5 Ne8 17. Rb6 Rb8 18. Bf4 Nd7 19. Bxb8 Nxb6 20. Ba7 Nd7
21. Rd1 Ne5 22. Bc5 Ng6 23. Bxf8 1-0

[Event "DEM U12 2011"]
[Site "Oberhof GER"]
[Date "2011.06.15"]
[Round "7"]
[White "Hartmann, Jakob"]
[Black "Paulsen, Alexej"]
[Result "1-0"]
[Termination "normal"]
[Board "21"]
[WhiteElo "1567"]
[BlackElo "1559"]
[PlyCount "71"]
[WhiteFideId "12918067"]
[BlackFideId "24662372"]
[EventCountry "GER"]
[EventRounds "11"]
[EventType "swiss"]
[EventDate "2011.06.11"]

1. e4 c5 2. Nf3 Nc6 3. d4 cxd4 4. Nxd4 Nf6 5. Nc3 d6 6. Bc4 e6 7. Be3 Be7 8. f3
a6 9. Qd2 Bd7 10. Bb3 O-O 11. g4 b5 12. O-O-O Rc8 13. h4 Ne5 14. h5 Nc4 15.
Bxc4 bxc4 16. g5 Ne8 17. g6 Nf6 18. h6 fxg6 19. hxg7 Rf7 20. f4 d5 21. f5 exf5
22. exf5 Rxg7 23. Ne6 Bxe6 24. fxe6 Bb4 25. Bg5 Rb8 26. Rdf1 Be7 27. Bh6 Qb6
28. Bxg7 Qxb2+ 29. Kd1 d4 30. Bxf6 Bxf6 31. Rxf6 dxc3 32. Qc1 Qxa2 33. Rhf1 Qa5
34. Qf4 Rd8+ 35. Ke1 Qa1+ 36. Kf2 1-0

[Event "DEM U12 2011"]
[Site "Oberhof GER"]
[Date "2011.06.15"]
[Round "7"]
[White "Wiesner, Paula"]
[Black "Nguyen, Huy Dat"]
[Result "0-1"]
[Termination "normal"]
[Board "22"]
[WhiteElo "1792"]
[BlackElo "1537"]
[PlyCount "102"]
[WhiteFideId "24654019"]
[BlackFideId "12923486"]
[EventCountry "GER"]
[EventRounds "11"]
[EventType "swiss"]
[EventDate "2011.06.11"]

1. d4 Nf6 2. c4 g6 3. Nc3 Bg7 4. e4 d6 5. Be2 O-O 6. Nf3 e5 7. dxe5 dxe5 8.
Qxd8 Rxd8 9. Bg5 Re8 10. O-O-O c6 11. Nxe5 Nxe4 12. Nxe4 Bxe5 13. Rhe1 Na6 14.
Nf6+ Bxf6 15. Bxf6 Bf5 16. Bf1 Nc5 17. b4 Nd7 18. Bd4 Be6 19. Kc2 Nb6 20. Kb3
Rad8 21. a4 Rxd4 22. Rxe6 Rxe6 23. Rxd4 Re7 24. a5 Nd7 25. Kc3 c5 26. Rd2 cxb4+
27. Kxb4 Kf8 28. Re2 Rxe2 29. Bxe2 Ne5 30. Kb5 Ke7 31. f4 Nc6 32. a6 Nd4+ 33.
Ka5 b6+ 34. Kb4 Nxe2 35. c5 bxc5+ 36. Kxc5 Kd7 37. g3 h5 38. Kd5 f6 39. Kc5 h4
40. f5 g5 41. gxh4 gxh4 42. Kd5 Ng1 43. Ke4 Kc6 44. Kf4 Kb6 45. Kg4 Kxa6 46.
Kxh4 Nf3+ 47. Kh5 Nxh2 48. Kg6 Ng4 49. Kh5 Ne5 50. Kh6 Kb5 51. Kg7 Ng4 0-1

[Event "DEM U12 2011"]
[Site "Oberhof GER"]
[Date "2011.06.15"]
[Round "7"]
[White "Sieber, Fiona"]
[Black "Rausch, Adrian"]
[Result "1-0"]
[Termination "normal"]
[Board "24"]
[WhiteElo "1689"]
[BlackElo "1469"]
[PlyCount "77"]
[WhiteFideId "12902373"]
[BlackFideId "12929069"]
[EventCountry "GER"]
[EventRounds "11"]
[EventType "swiss"]
[EventDate "2011.06.11"]

1. e4 e6 2. d4 d5 3. Nc3 Nf6 4. e5 Nfd7 5. f4 c5 6. Nf3 Nc6 7. Be3 a6 8. Be2
Be7 9. O-O b5 10. Kh1 Bb7 11. Nb1 c4 12. c3 Qc7 13. Nbd2 O-O-O 14. Qc2 g6 15.
Bf2 h5 16. Bh4 Bxh4 17. Nxh4 Ne7 18. Ndf3 Nf5 19. Nxf5 gxf5 20. Ng5 Nf8 21. Qd1
Nh7 22. Bxh5 Nxg5 23. fxg5 f6 24. exf6 Qh7 25. g6 Qxh5 26. Qxh5 Rxh5 27. Rf3 f4
28. Rxf4 e5 29. Rf3 exd4 30. cxd4 Rg5 31. f7 Rf8 32. Rg3 Rxg6 33. Rxg6 Rxf7 34.
Kg1 Rf4 35. Rd1 Re4 36. Kf2 b4 37. Rg3 a5 38. Re3 Rf4+ 39. Kg3 1-0

[Event "DEM U12 2011"]
[Site "Oberhof GER"]
[Date "2011.06.15"]
[Round "7"]
[White "Peter, Anton"]
[Black "Wächter, Nathalie"]
[Result "0-1"]
[Termination "normal"]
[Board "25"]
[WhiteElo "1757"]
[BlackElo "1707"]
[PlyCount "56"]
[WhiteFideId "12901660"]
[BlackFideId "12921033"]
[EventCountry "GER"]
[EventRounds "11"]
[EventType "swiss"]
[EventDate "2011.06.11"]

1. d4 d5 2. c4 e6 3. Nc3 Nf6 4. Nf3 Be7 5. Bg5 O-O 6. e3 Nbd7 7. Bd3 dxc4 8.
Bxc4 c5 9. O-O Re8 10. Rc1 Nb6 11. Bd3 cxd4 12. exd4 Nfd5 13. Be3 Bd6 14. Bb1
Nf6 15. Qd3 Nbd7 16. Bg5 Nf8 17. Rfe1 Be7 18. Bxf6 Bxf6 19. Nb5 Re7 20. Ne5 a6
21. Na3 Rc7 22. Nac4 b5 23. Ne3 Bb7 24. N3g4 Rxc1 25. Rxc1 Bxe5 26. Nxe5 Qg5
27. Rc6 Bxc6 28. Nxc6 Qc1+ 0-1

[Event "DEM U12 2011"]
[Site "Oberhof GER"]
[Date "2011.06.15"]
[Round "7"]
[White "Surguchov, Alexander"]
[Black "Rätzke von Stoyentin, Steffen"]
[Result "0-1"]
[Termination "normal"]
[Board "26"]
[WhiteElo "1545"]
[BlackElo "1728"]
[PlyCount "102"]
[WhiteFideId "1272035"]
[BlackFideId "12907502"]
[EventCountry "GER"]
[EventRounds "11"]
[EventType "swiss"]
[EventDate "2011.06.11"]

1. e4 e5 2. Nc3 Nf6 3. f4 d5 4. fxe5 Nxe4 5. Nf3 Nxc3 6. bxc3 c5 7. d4 Nc6 8.
Be2 Be7 9. O-O O-O 10. Kh1 Be6 11. Rb1 b6 12. Ba6 Bc8 13. Bxc8 Rxc8 14. Qe1 Qd7
15. Qg3 Rfe8 16. Nh4 g6 17. Nf5 Nd8 18. Nh6+ Kf8 19. Qf3 Qe6 20. Be3 c4 21. Rf2
Kg7 22. Rbf1 Rf8 23. Ng4 h5 24. Bh6+ Kh7 25. Bxf8 hxg4 26. Qg3 Bxf8 27. Qh4+
Kg8 28. Rf4 Be7 29. Qxg4 Qxg4 30. Rxg4 Ne6 31. h4 Kg7 32. Kg1 Rh8 33. a4 Rxh4
34. Rxh4 Bxh4 35. Ra1 Bd8 36. Kf2 Ng5 37. a5 Ne4+ 38. Ke3 b5 39. a6 Bg5+ 40.
Kf3 Nxc3 41. Kg4 Be7 42. Ra5 b4 43. Ra1 b3 44. cxb3 cxb3 45. Rc1 b2 46. Rxc3
b1=Q 47. Rc7 Qf5+ 48. Kg3 Bg5 49. Kh2 Qf2 50. Kh1 Qh4+ 51. Kg1 Be3+ 0-1

[Event "DEM U12 2011"]
[Site "Oberhof GER"]
[Date "2011.06.15"]
[Round "7"]
[White "Diener, Carolin"]
[Black "Denkert, Anna"]
[Result "1/2-1/2"]
[Termination "normal"]
[Board "27"]
[WhiteElo "1590"]
[BlackElo "1173"]
[PlyCount "136"]
[WhiteFideId "24699063"]
[BlackFideId "12938122"]
[EventCountry "GER"]
[EventRounds "11"]
[EventType "swiss"]
[EventDate "2011.06.11"]

1. e4 e5 2. Nf3 Nf6 3. Nxe5 d6 4. Nf3 Nxe4 5. Nc3 Nxc3 6. dxc3 Be7 7. Be3 O-O
8. Bd3 Bg4 9. Qd2 Re8 10. O-O-O Nd7 11. h3 Be6 12. Nd4 Bd5 13. f3 Bh4 14. Nf5
Bf6 15. Be2 Be6 16. Nd4 Nf8 17. g4 Ng6 18. Nxe6 Rxe6 19. Bc4 Rxe3 20. Qf2 Bg5
21. Kb1 Qf6 22. Rdf1 Qf4 23. Bd3 Ne5 24. Be4 c6 25. h4 Be7 26. Qd2 d5 27. Bd3
Nxf3 28. Qf2 Bc5 29. Rh3 Nd2+ 30. Qxd2 Qe5 31. Rxe3 Qxe3 32. Qxe3 Bxe3 33. Rf3
Re8 34. a3 Bb6 35. c4 dxc4 36. Bxc4 Re7 37. h5 Bc5 38. Rd3 Kf8 39. Rd8+ Re8 40.
Rd3 a5 41. Rf3 Re7 42. g5 b5 43. Bd3 g6 44. hxg6 hxg6 45. Bxg6 Ke8 46. Bd3 Re6
47. Bf5 Rd6 48. Bg4 Bd4 49. Bh5 Rd7 50. Rd3 c5 51. c3 Bg7 52. Rxd7 Kxd7 53.
Bxf7 Ke7 54. g6 Kd6 55. a4 b4 56. Kc2 bxc3 57. bxc3 Ke5 58. Kd3 Kd6 59. Kc4 Kc6
60. Be8+ Kb6 61. Bb5 Kc7 62. Kxc5 Bxc3 63. Be8 Kd8 64. Bf7 Ke7 65. Kc4 Bb4 66.
Kd4 Kf6 67. Kd5 Kg7 68. Ke6 Be1 1/2-1/2

[Event "DEM U12 2011"]
[Site "Oberhof GER"]
[Date "2011.06.15"]
[Round "7"]
[White "Halas, Julia"]
[Black "Kreyssig, Bruno"]
[Result "0-1"]
[Termination "normal"]
[Board "28"]
[WhiteElo "1424"]
[BlackElo "1587"]
[PlyCount "60"]
[WhiteFideId "12931810"]
[BlackFideId "4692489"]
[EventCountry "GER"]
[EventRounds "11"]
[EventType "swiss"]
[EventDate "2011.06.11"]

1. d4 Nf6 2. Nf3 c5 3. e3 g6 4. c3 b6 5. Be2 Bg7 6. O-O O-O 7. Nbd2 Bb7 8. Re1
d6 9. c4 Nbd7 10. d5 e6 11. e4 exd5 12. exd5 Re8 13. Nf1 Qc7 14. h3 Ne5 15. Bf4
Nxf3+ 16. Bxf3 Rxe1 17. Qxe1 Re8 18. Ne3 Ba6 19. Rc1 b5 20. b3 bxc4 21. bxc4
Rb8 22. Rb1 Re8 23. Rc1 Nd7 24. Qd2 Ne5 25. Be2 Rb8 26. Kh1 Qb6 27. Rc2 Qb4 28.
Qxb4 Rxb4 29. Bxe5 Bxe5 30. Ng4 Rb1+ 0-1

[Event "DEM U12 2011"]
[Site "Oberhof GER"]
[Date "2011.06.15"]
[Round "7"]
[White "Müller, Sophie"]
[Black "Kololli, Kevin"]
[Result "0-1"]
[Termination "normal"]
[Board "29"]
[WhiteElo "1386"]
[BlackElo "1596"]
[PlyCount "52"]
[WhiteFideId "12926698"]
[BlackFideId "12936863"]
[EventCountry "GER"]
[EventRounds "11"]
[EventType "swiss"]
[EventDate "2011.06.11"]

1. d4 Nf6 2. Bf4 g6 3. e3 Bg7 4. Bd3 d6 5. Nf3 O-O 6. O-O Nc6 7. Nbd2 Nd7 8. c3
e5 9. Bg3 f5 10. Bc4+ Kh8 11. dxe5 dxe5 12. h3 Qe7 13. Re1 Nf6 14. Qc2 h6 15.
Rad1 g5 16. Bb3 Nh5 17. Bh2 g4 18. hxg4 fxg4 19. Qg6 gxf3 20. Qxh5 fxg2 21.
Kxg2 Rf5 22. Qe2 Qg5+ 23. Kf1 Rf4 24. Qd3 Bh3+ 25. Ke2 Rxf2+ 26. Kxf2 Qg2# 0-1

[Event "DEM U12 2011"]
[Site "Oberhof GER"]
[Date "2011.06.15"]
[Round "7"]
[White "Bugdahl, Felix"]
[Black "Krüger, David"]
[Result "0-1"]
[Termination "normal"]
[Board "30"]
[WhiteElo "1350"]
[BlackElo "1810"]
[PlyCount "94"]
[WhiteFideId "12938092"]
[BlackFideId "12921858"]
[EventCountry "GER"]
[EventRounds "11"]
[EventType "swiss"]
[EventDate "2011.06.11"]

1. e4 e5 2. Nf3 Nc6 3. Bc4 Nf6 4. d3 h6 5. Be3 Be7 6. Nc3 O-O 7. Qd2 Kh7 8.
O-O-O Na5 9. Nxe5 Nxc4 10. Nxc4 d6 11. f4 Be6 12. Na3 a6 13. f5 Bd7 14. h3 b5
15. Nab1 b4 16. Ne2 c5 17. g4 Ne8 18. Ng3 a5 19. Rhg1 a4 20. c3 a3 21. cxb4
axb2+ 22. Qxb2 cxb4 23. Qxb4 Rxa2 24. Rd2 Ra8 25. Bb6 Qb8 26. d4 Bg5 27. Ba5
Qa7 28. Bb6 Rc8+ 29. Kb2 Bxd2 30. Nxd2 Qb7 31. d5 Ba4 32. Rc1 Rxc1 33. Kxc1 Nf6
34. Nc4 Rc8 35. Kd2 Rxc4 36. Qxc4 Qxb6 37. Qxa4 Qf2+ 38. Ne2 Qh2 39. Qb3 Nxe4+
40. Kd1 Nf2+ 41. Ke1 Nxh3 42. Qf3 Ng5 43. Qe3 Qh1+ 44. Kf2 Qxd5 45. Nf4 Qc4 46.
Qe7 Qxf4+ 47. Ke2 Qxg4+ 0-1

[Event "DEM U12 2011"]
[Site "Oberhof GER"]
[Date "2011.06.15"]
[Round "7"]
[White "Rogozenco, Teodora"]
[Black "Kempe, Anne"]
[Result "1/2-1/2"]
[Termination "normal"]
[Board "31"]
[WhiteElo "1356"]
[BlackElo "1538"]
[PlyCount "120"]
[WhiteFideId "12938084"]
[BlackFideId "12918083"]
[EventCountry "GER"]
[EventRounds "11"]
[EventType "swiss"]
[EventDate "2011.06.11"]

1. d4 Nf6 2. Nf3 g6 3. c4 Bg7 4. Nc3 O-O 5. e4 d6 6. Be2 Nbd7 7. O-O e5 8. d5
Nc5 9. Nd2 Nfd7 10. b4 Na6 11. Rb1 Kh8 12. a4 f5 13. Ba3 b6 14. Nb3 Qe7 15. a5
Nf6 16. f3 g5 17. exf5 Bxf5 18. Bd3 Bxd3 19. Qxd3 Nb8 20. Ne4 Nxe4 21. fxe4 Nd7
22. Qc2 Rxf1+ 23. Rxf1 Rf8 24. c5 Rxf1+ 25. Kxf1 Qf8+ 26. Qf2 Nf6 27. axb6 axb6
28. cxb6 cxb6 29. Nd2 b5 30. Ke2 Qa8 31. Qg3 h6 32. Bb2 Qa7 33. Qe3 Qxe3+ 34.
Kxe3 h5 35. h3 Bh6 36. Kd3 g4 37. Nb1 Ne8 38. hxg4 hxg4 39. Nc3 Nc7 40. Nd1 Kg7
41. Nf2 g3 42. Nh1 Bf4 43. Bc3 Kg6 44. Be1 Na6 45. Nxg3 Bxg3 46. Bxg3 Nxb4+ 47.
Kc3 Na6 48. Bh4 Kf7 49. g4 Nc5 50. Kb4 Nxe4 51. Kxb5 Nf6 52. Kc6 Nxg4 53. Bg5
Nf6 54. Bxf6 Kxf6 55. Kxd6 e4 56. Kc7 e3 57. d6 e2 58. d7 e1=Q 59. d8=Q+ Qe7+
60. Qxe7+ Kxe7 1/2-1/2

[Event "DEM U12 2011"]
[Site "Oberhof GER"]
[Date "2011.06.15"]
[Round "7"]
[White "Blumenthal, Clemens"]
[Black "Burg, Niclas"]
[Result "0-1"]
[Termination "normal"]
[Board "32"]
[WhiteElo "1494"]
[BlackElo "1311"]
[PlyCount "92"]
[WhiteFideId "12938050"]
[BlackFideId "1271968"]
[EventCountry "GER"]
[EventRounds "11"]
[EventType "swiss"]
[EventDate "2011.06.11"]

1. e4 c5 2. Nf3 Nc6 3. Nc3 Nf6 4. d3 e6 5. Be2 Be7 6. Ng5 h6 7. Nh3 d5 8. Bd2
d4 9. Nb1 e5 10. f4 Bxh3 11. gxh3 Nd7 12. Bf3 Bh4+ 13. Ke2 g5 14. f5 Nf6 15.
Be1 Bxe1 16. Qxe1 b5 17. Nd2 Nb4 18. Kd1 Qc7 19. a3 Na6 20. Rg1 Kd7 21. h4 Rag8
22. Bg4 Nxg4 23. Rxg4 f6 24. Nf1 Nb8 25. h5 Nc6 26. Rg2 c4 27. Rc1 Qa5 28. Qe2
c3 29. bxc3 Qxc3 30. Nd2 Qxa3 31. Rb1 b4 32. Nb3 Kd6 33. Rg1 Qa4 34. Kd2 Qb5
35. Ra1 a5 36. Nc1 a4 37. Qg2 b3 38. cxb3 axb3 39. Rb1 b2 40. Ne2 Ra8 41. Rgf1
Nb4 42. Rxb2 Qxd3+ 43. Ke1 Ra1+ 44. Kf2 Rxf1+ 45. Qxf1 Qe3+ 46. Ke1 Nd3+ 0-1

[Event "DEM U12 2011"]
[Site "Oberhof GER"]
[Date "2011.06.15"]
[Round "7"]
[White "Sherif, Amina"]
[Black "Klodt, Daniel"]
[Result "1/2-1/2"]
[Termination "normal"]
[Board "33"]
[WhiteElo "1345"]
[BlackElo "1390"]
[PlyCount "43"]
[WhiteFideId "12911690"]
[BlackFideId "12938068"]
[EventCountry "GER"]
[EventRounds "11"]
[EventType "swiss"]
[EventDate "2011.06.11"]

1. e4 e6 2. Nc3 d5 3. Nf3 Nf6 4. e5 Nfd7 5. d4 c5 6. dxc5 Bxc5 7. Bd3 Nc6 8.
Bf4 a6 9. h4 b5 10. h5 Qb6 11. Qd2 Nb4 12. a3 Nxd3+ 13. cxd3 d4 14. Ne4 Bb7 15.
b4 Be7 16. Qb2 a5 17. bxa5 Qxa5+ 18. Bd2 Qb6 19. Qxd4 Qxd4 20. Nxd4 Nxe5 21.
Ke2 Rd8 22. Be3 1/2-1/2

[Event "DEM U12 2011"]
[Site "Oberhof GER"]
[Date "2011.06.15"]
[Round "7"]
[White "Wallat, Jessica"]
[Black "Moses, Selina"]
[Result "1/2-1/2"]
[Termination "normal"]
[Board "34"]
[WhiteElo "1277"]
[BlackElo "1704"]
[PlyCount "101"]
[WhiteFideId "12909637"]
[BlackFideId "12908070"]
[EventCountry "GER"]
[EventRounds "11"]
[EventType "swiss"]
[EventDate "2011.06.11"]

1. e4 c5 2. Nf3 d6 3. d4 cxd4 4. Nxd4 Nf6 5. Nc3 a6 6. g3 e6 7. Bg2 Qc7 8. O-O
Nc6 9. h3 Be7 10. Nxc6 bxc6 11. Be3 Bb7 12. Na4 c5 13. Nc3 O-O 14. f4 Qc6 15.
Qd3 Rad8 16. Rf2 d5 17. e5 Nd7 18. Ne2 f6 19. exf6 Bxf6 20. c3 e5 21. f5 e4 22.
Qd2 Ne5 23. Nf4 Bc8 24. Nh5 Nd3 25. Rff1 Be5 26. g4 d4 27. cxd4 cxd4 28. Bf4
Nxf4 29. Nxf4 d3 30. Kh1 Qc2 31. Qxc2 dxc2 32. Rac1 Bxf4 33. Rxf4 Rd2 34. Bxe4
Rd1+ 35. Rf1 Rfd8 36. Bxc2 Bb7+ 37. Kh2 Rxf1 38. Bb3+ Bd5 39. Bxd5+ Rxd5 40.
Rxf1 Rd2+ 41. Kg3 Rxb2 42. Rf2 Rxf2 43. Kxf2 Kf7 44. Ke3 Kf6 45. h4 Ke5 46. a3
Kd5 47. Kd3 Ke5 48. Ke3 Kd5 49. h5 h6 50. Kf4 Kd4 51. Kf3 1/2-1/2

[Event "DEM U12 2011"]
[Site "Oberhof GER"]
[Date "2011.06.15"]
[Round "7"]
[White "Sadewasser, Lucie"]
[Black "Semenova, Alisa"]
[Result "1-0"]
[Termination "normal"]
[Board "35"]
[WhiteElo "1361"]
[BlackElo "1163"]
[PlyCount "81"]
[WhiteFideId "12905445"]
[BlackFideId "1272132"]
[EventCountry "GER"]
[EventRounds "11"]
[EventType "swiss"]
[EventDate "2011.06.11"]

1. e4 e5 2. Nf3 Nc6 3. Nc3 Nf6 4. d4 exd4 5. Nxd4 Bb4 6. Nxc6 bxc6 7. Bd3 O-O
8. O-O d5 9. exd5 cxd5 10. Bg5 Be7 11. Re1 c6 12. Re3 d4 13. Rg3 Bd6 14. Bxf6
Qxf6 15. Ne4 Qh6 16. Nxd6 Qxd6 17. Qh5 g6 18. a3 Qf6 19. Re1 Qg7 20. Qc5 Bb7
21. h3 Qh6 22. Qxd4 Qd2 23. Qe3 Qxe3 24. Rgxe3 c5 25. Re7 Bd5 26. R1e5 Rfd8 27.
Rc7 c4 28. Bxc4 Bxc4 29. Rxc4 Rab8 30. b4 Rd6 31. Rec5 Rdd8 32. Rc7 Ra8 33.
R4c5 a6 34. Ra5 Rd2 35. b5 Rd6 36. c4 Rdd8 37. Rxa6 Rab8 38. Raa7 Rf8 39. a4 h5
40. c5 Rfd8 41. Rxf7 1-0

[Event "DEM U12 2011"]
[Site "Oberhof GER"]
[Date "2011.06.15"]
[Round "7"]
[White "Gschnitzer, Adrian"]
[Black "Kast, Larissa"]
[Result "1-0"]
[Termination "normal"]
[Board "36"]
[WhiteElo "1590"]
[BlackElo "1158"]
[PlyCount "121"]
[WhiteFideId "1270337"]
[BlackFideId "24699055"]
[EventCountry "GER"]
[EventRounds "11"]
[EventType "swiss"]
[EventDate "2011.06.11"]

1. d4 d5 2. c4 e6 3. Nc3 Nf6 4. Nf3 Bb4 5. Bd2 O-O 6. a3 Bd6 7. e3 c5 8. Be2
Nc6 9. O-O Re8 10. Rc1 Qc7 11. dxc5 Bxc5 12. cxd5 Ne5 13. dxe6 Rxe6 14. Nb5 Qe7
15. b4 Bb6 16. Nfd4 Bxd4 17. exd4 Nc6 18. Bc4 Re4 19. f3 Rh4 20. Bg5 Rh5 21.
Re1 Qd8 22. f4 Bg4 23. Bxf6 Qxf6 24. Qxg4 Rf5 25. d5 Rxf4 26. Qd7 Ne5 27. Qxb7
Rf8 28. Be2 a6 29. Na7 Nd3 30. Bxd3 Qd4+ 31. Kh1 Qxd3 32. Qe7 g6 33. Qg5 Qd2
34. Qg3 Rf5 35. Nc6 Rg5 36. Ne7+ Kg7 37. Qc3+ Qxc3 38. Rxc3 Rd8 39. h3 Rd7 40.
Rc5 Rg3 41. Ra5 Kf8 42. Rxa6 Rd3 43. Nc8 R7xd5 44. Ra7 Rf5 45. Ra8 Kg7 46. Ne7
Rf2 47. b5 Rdd2 48. Rg1 Rb2 49. a4 Rfe2 50. Nd5 Red2 51. Ne3 Ra2 52. b6 Rdb2
53. a5 Rxb6 54. axb6 Rxa8 55. b7 Rb8 56. Rb1 Kf8 57. Nd5 h6 58. Nc7 Ke7 59. Na6
Rh8 60. b8=Q Rxb8 61. Nxb8 1-0

[Event "DEM U12 2011"]
[Site "Oberhof GER"]
[Date "2011.06.15"]
[Round "7"]
[White "Niedwetzki, Jan Daniel"]
[Black "Hoffmann, Christoph"]
[Result "0-1"]
[Termination "normal"]
[Board "37"]
[WhiteElo "1120"]
[BlackElo "1360"]
[PlyCount "68"]
[WhiteFideId "12938157"]
[EventCountry "GER"]
[EventRounds "11"]
[EventType "swiss"]
[EventDate "2011.06.11"]

1. e4 e6 2. d4 d5 3. Nc3 Bb4 4. e5 c5 5. a3 Bxc3+ 6. bxc3 Nc6 7. Nf3 Nge7 8.
Bd3 O-O 9. Be3 c4 10. Be2 Nf5 11. Bf4 Qa5 12. Qd2 f6 13. exf6 Rxf6 14. Bg5 Rf7
15. Nh4 Nd6 16. O-O Ne4 17. Qe3 Qxc3 18. Qxc3 Nxc3 19. Bg4 Nxd4 20. Rfe1 Nxc2
21. Rac1 Nxe1 22. Rxe1 Ne4 23. Be3 Bd7 24. Nf3 Nf6 25. Ne5 Nxg4 26. Nxg4 Rf5
27. h3 e5 28. Bc1 Re8 29. Bb2 d4 30. g3 c3 31. Bc1 d3 32. Rd1 e4 33. Ne3 Ba4
34. Rf1 Rc5 0-1

[Event "DEM U12 2011"]
[Site "Oberhof GER"]
[Date "2011.06.15"]
[Round "7"]
[White "Speck, Jakob"]
[Black "Trotzke, Johannes"]
[Result "0-1"]
[Termination "normal"]
[Board "38"]
[WhiteElo "987"]
[BlackElo "1491"]
[PlyCount "70"]
[WhiteFideId "12938181"]
[BlackFideId "12918105"]
[EventCountry "GER"]
[EventRounds "11"]
[EventType "swiss"]
[EventDate "2011.06.11"]

1. e4 d5 2. exd5 Qxd5 3. Nc3 Qd6 4. d4 Nf6 5. Nf3 c6 6. Be3 Bg4 7. Bc4 e6 8.
O-O Be7 9. h3 Bh5 10. g3 Qc7 11. Bf4 Bd6 12. Bxd6 Qxd6 13. Kg2 O-O 14. g4 Bg6
15. Re1 h5 16. g5 Nh7 17. Ne5 Nxg5 18. Nxg6 fxg6 19. h4 Nf7 20. Rxe6 Qf4 21.
Rxg6 b5 22. Bxf7+ Rxf7 23. Qxh5 Qxf2+ 24. Kh1 Rf4 25. Rg4 Qf3+ 26. Kh2 Rxg4 27.
Rg1 Qf2+ 28. Kh3 Qxg1 29. Qxg4 Qxg4+ 30. Kxg4 Nd7 31. Kf5 Re8 32. Ne4 g6+ 33.
Kf4 Kg7 34. Ng3 Nf6 35. Kg5 Ne4+ 0-1

[Event "DEM U12 2011"]
[Site "Oberhof GER"]
[Date "2011.06.15"]
[Round "7"]
[White "Weis, Olga"]
[Black "Schmid, Katharina"]
[Result "1-0"]
[Termination "normal"]
[Board "39"]
[WhiteElo "1541"]
[BlackElo "1070"]
[PlyCount "65"]
[WhiteFideId "1270234"]
[BlackFideId "12918210"]
[EventCountry "GER"]
[EventRounds "11"]
[EventType "swiss"]
[EventDate "2011.06.11"]

1. d4 d5 2. Nf3 Nc6 3. Bf4 Nf6 4. e3 Bf5 5. Bd3 e6 6. Bxf5 exf5 7. O-O Be7 8.
Nbd2 O-O 9. h3 Ne4 10. Nxe4 fxe4 11. Ne5 Nxe5 12. dxe5 Bg5 13. Bxg5 Qxg5 14.
Qxd5 Rfe8 15. Qxe4 Qxe5 16. Qxe5 Rxe5 17. Rad1 h6 18. Rd7 Rc5 19. c3 Rc8 20.
Rfd1 b6 21. Re7 a5 22. Rdd7 Rf5 23. Rxc7 Rd8 24. Red7 Ra8 25. g4 Rf6 26. Rc4
Rf8 27. Rcd4 Rc6 28. R4d6 Rxd6 29. Rxd6 b5 30. Rb6 Ra8 31. Rxb5 a4 32. c4 Kf8
33. Kg2 1-0